000 01046nam a22003255a 4500
003 EG-ScBUE
005 20241127100251.0
008 080804s2004 enka f 001 0 eng d
020 _a1861529910
020 _a9781861529916
040 _aEG-ScBUE
_beng
_erda
_cEG-ScBUE
_dEG-ScBUE
082 0 4 _a519.502465
_bCUR
_222
100 1 _aCurwin, Jon,
_eauthor.
245 _aQuantitative methods :
_ba short course /
_cJon Curwin and Roger Slater.
264 1 _aLondon :
_bThomson Learning,
_c2004.
300 _axiii, 326 pages :
_bcolor illustrations ;
_c25 cm
336 _2rdacontent
_atext
_btxt
337 _aunmediated
_2rdamedia
_bn
338 _avolume
_bnc
_2rdacarrier
500 _aIncludes index.
500 _aIncludes glossary.
590 _ayassmeen ashraf
650 7 _aCommercial statistics.
_2BUEsh
650 7 _aIndustrial management
_xMathematical models.
_2BUEsh
651 _2BUEsh
653 _bENGGEN
_cAugust2015
655 _vReading book
700 1 _aSlater, Roger,
_eauthor.
942 _cBB
_2ddc
999 _c6622
_d6622